Score 0/24 Timer 04:00
1 Play Today
Hint Answer % Correct
What's _____ Got to do With ItLove
93.4%
____ with ChildrenMarried
91.5%
Field of _____Dreams
89.9%
Paranormal ______Activity
84.6%
____ on the RoofFiddler
84%
Curb Your _____Enthusiasm
83%
The Five People You Meet in _____Heaven
76.2%
You Oughta ____Know
70.4%
The Sugarhill ____Gang
64.8%
____ LinkWeakest
52%
The ____ of SpeciesOrigin
51.9%
Metal _____ SolidGear
47.6%
Hint Answer % Correct
The Glass ______Menagerie
45.4%
Hello ____, my old friendDarkness
40.9%
Nobody can make you feel inferior without your _____Consent
40%
How ____ was my ValleyGreen
29.9%
Average _____ BandWhite
28.7%
____ and Sedition ActAlien
22.6%
In the time of _____ I was a monkeyChimpanzees
19.5%
Howlin' ____Wolf
18.3%
Forget it Jake, it's _____Chinatown
9.8%
Yankee _____ FoxtrotHotel
9.7%
Pretty ____ MachineHate
7.9%
The _____ Hill MobLavender
4.7%

Today's Daily Dose

Remove Ads.
Support Sporcle.
Get the best of Sporcle when you Go Orange. This ad-free experience offers more features, more stats, and more fun while also helping to support Sporcle. Thank you for becoming a member.

You're not logged in!

Compare scores with friends on all Sporcle quizzes.
OR
Log In

Show Comments

Extras

Top Quizzes Today


Score Distribution

Your Account Isn't Verified!

In order to create a playlist on Sporcle, you need to verify the email address you used during registration. Go to your Sporcle Settings to finish the process.

Report this User

Report this user for behavior that violates our Community Guidelines.

Details: